Statistics for Star Trek (2009) Characters

Click here to take the quiz!

General Stats

  • This quiz has been taken 10 times
  • The average score is 8 of 18

Answer Stats

HintAnswer% Correct
Chris PineKirk
100%
Zachary QuintoSpock
100%
Leonard NimoySpock Prime
100%
Karl UrbanBones
80%
Simon PeggScotty
80%
John ChoSulu
80%
Bruce GreenwoodPike
70%
Zoe SaldanaUhura
70%
Anton YelchinCheckov
60%
Eric BanaNero
30%
Winona RyderAmanda Grayson
20%
Chris HemsworthGeorge Kirk
20%
Tyler PerryAdmiral Richard Barnett
0%
Rachel NicholsGarla
0%
Wil WheatonRamulan
0%
Ben CrossSarsk
0%
Greg GrunbergStepdad
0%
Jennifer MorrisonWinona Kirk
0%

Score Distribution

Percentile by Number Answered

Percent of People with Each Score

Your Score History

You have not taken this quiz